| 000 | 00683nam a2200229 a 4500 | ||
|---|---|---|---|
| 999 |
_c870 _d870 |
||
| 001 | 4254 | ||
| 003 | BD-DhUAP | ||
| 005 | 20200128155107.0 | ||
| 008 | 200127s1995 enkab b 001 0 eng | ||
| 040 |
_aBD-DhUAP _cBD-DhUAP _dBD-DhUAP _bEng |
||
| 082 | 0 | 0 |
_a320.95 THA _223 |
| 100 | _a Thakur, Ramesh. | ||
| 245 |
_aThe government and politics of India / _cRamesh Thakur. |
||
| 260 |
_aLondon : _bMacmillan Press Ltd., _cc1995. |
||
| 300 |
_axv, 395 pages : _billustrations ; _c22 cm. |
||
| 504 | _aIncludes bibliographical references and index. | ||
| 650 | 0 |
_aPolitical science. _97772 |
|
| 650 | 0 | _aPolitics and government. | |
| 651 | _aIndia. | ||
| 942 |
_2ddc _cBK |
||